00634cam a22002177a 4500003000500000005001700005008004100022010001000063011001000073020001500083035001100098040000900109082002300118100003000141245011800171250001100289260004400300300002000344650002600364700002600390CHAP20220329143415.0090507s1997 ag/a r 00010 d a96132 a97104 a9505821425 a107765 cCHAP0 a371.395bC492199700aCirigliano, Gustavo F. J.10aDinámica de grupos y educación:bfundamentos y técnicasc/por Gustavo F.J. Cirigliano y Aníval Villaverde a21 ed. aBuenos Aires :bLumen/Hvmanitas,cc1997 a238 p.b: ilus.14aDinámica de grupos.0 aVillaverde, Aníbal.